g20 leaders - Statistics

General Stats
  • This quiz has been taken 21 times
    17 since last reset
  • The average score is 10 of 24
Answer Stats
Hint Answer % Correct
France Emmanuel Macron
89%
United States Joe Biden
89%
Canada Justin Trudeau
89%
Russia Vladimir Putin
89%
China Xi Jinping
78%
Germany Olaf Scholz
56%
Turkey Recep Tayyip Erdogan
56%
United Kingdom Rishi Sunak
56%
Australia Anthony Albanese
44%
Italy Giorgia Meloni
44%
Argentina Javier Milei
44%
India Narendra Modi
44%
Japan Fumio Kishida
33%
Brazil Luiz Inacio Lula da Silva
33%
European Union Ursula von der Leyen
33%
Mexico Andres Manuel Lopez Obrador
22%
South Africa Cyril Ramaphosa
22%
South Korea Yoon Suk Yeol
22%
European Union Charles Michel
11%
Indonesia Joko Widodo
11%
China Li Qiang
11%
African Union Mohamed Ould Ghazouani
11%
Saudi Arabia Salman bin Abdulaziz
11%
African Union Moussa Faki
0%
No matching quizzes found
Score Distribution
Percent of People with Each Score
Percentile by Number Answered
Your Score History
You have not taken this quiz since the last reset